书目信息 |
| 题名: |
图说物种起源
|
|
| 作者: | 达尔文, 著 ;文舒 编译 | |
| 分册: | ||
| 出版信息: | 北京 中国华侨出版社 2016.9 |
|
| 页数: | 11,381页 | |
| 开本: | 25cm | |
| 丛书名: | ||
| 单 册: | ||
| 中图分类: | Q111.2 | |
| 科图分类: | ||
| 主题词: | 达尔文学说--图解 | |
| 电子资源: | ||
| ISBN: | 978-7-5113-6256-8 | |
| 000 | 00953nam0 2200253 450 | |
| 001 | 0400001167 | |
| 005 | 20171015155731.0 | |
| 010 | @a978-7-5113-6256-8@dCNY59.00 | |
| 100 | @a20170215d2016 em y0chiy50 ea | |
| 101 | 1 | @achi@ceng |
| 102 | @aCN@b110000 | |
| 105 | @aa z 000yy | |
| 106 | @ar | |
| 200 | 1 | @a图说物种起源@9tu shuo wu zhong qi yuan@f(英) 达尔文著@g文舒编译 |
| 210 | @a北京@c中国华侨出版社@d2016.9 | |
| 215 | @a11,381页@d25cm | |
| 300 | @a超值全彩悦读馆 超值全彩白金版 | |
| 330 | @a本书对英国生物学家达尔文的代表作《物种起源》做了解说,书中主要用彩图解说的方式讲述了生物变异、生存斗争、杂种性质、地质记录的不完整性、生物分布等内容,提出了生物都是从简单到复杂、从低级到高级慢慢演变的过程。 | |
| 606 | 0 | @a达尔文学说@j图解 |
| 690 | @aQ111.2@v5 | |
| 701 | 1 | @c(英)@a达尔文,@9da er wen@bC.R. @g(Darwin, Charles Robert)@4著 |
| 702 | 0 | @a文舒@9wen shu@4编译 |
| 801 | 0 | @aCN@b91MARC@c20171015 |
| 905 | @b1020226-30@dQ111.2@f5@e210 | |
| 图说物种起源/(英) 达尔文著/文舒编译.-北京:中国华侨出版社,2016.9 |
| 11,381页;25cm |
| 超值全彩悦读馆 超值全彩白金版 |
| ISBN 978-7-5113-6256-8:CNY59.00 |
| 本书对英国生物学家达尔文的代表作《物种起源》做了解说,书中主要用彩图解说的方式讲述了生物变异、生存斗争、杂种性质、地质记录的不完整性、生物分布等内容,提出了生物都是从简单到复杂、从低级到高级慢慢演变的过程。 |
| ● |
| 相关链接 |
|
|
|
|
正题名:图说物种起源
索取号:Q111.2/210
 
预约/预借
| 序号 | 登录号 | 条形码 | 馆藏地/架位号 | 状态 | 备注 |
| 1 | 1020226 | 210202261 | 第二样本阅览室/ [索取号:Q111.2/210] | 在馆 | |
| 2 | 1020227 | 210202270 | 第三借阅区/ [索取号:Q111.2/210] | 在馆 | |
| 3 | 1020228 | 210202289 | 第三借阅区/ [索取号:Q111.2/210] | 在馆 | |
| 4 | 1020229 | 210202298 | 密集书库-生命科学系/ [索取号:Q111.2/210] | 在馆 | |
| 5 | 1020230 | 210202305 | 第三借阅区/ [索取号:Q111.2/210] | 在馆 |